Naming European countries in German - Statistics

General Stats
  • This quiz has been taken 455 times
  • The average score is 35 of 45
Answers on the Map
Answers color-coded by a green-red scale on the quiz's map according to % correct below.
 
Answer Stats
Answer % Correct
Deutschland
96%
Frankreich
95%
Italien
93%
Portugal
92%
Russland
91%
Spanien
91%
Polen
90%
Irland
89%
Österreich
89%
Schweiz
89%
Schweden
87%
Belgien
85%
Island
84%
Ukraine
84%
Dänemark
83%
Finnland
83%
Niederlande
83%
Albanien
82%
Norwegen
81%
Estland
80%
Luxemburg
79%
Griechenland
77%
Kroatien
76%
Weißrussland
76%
Andorra
75%
Serbien
75%
Bulgarien
74%
Lettland
74%
Liechtenstein
70%
Malta
70%
Monaco
70%
Tschechien
70%
Ungarn
70%
Kosovo
69%
Litauen
68%
Rumänien
68%
San Marino
67%
Slowakei
67%
Slowenien
67%
Vatikanstadt
66%
Vereinigtes Königreich
62%
Montenegro
61%
Nordmazedonien
57%
Bosnien und Herzegowina
54%
Moldawien
51%
No matching quizzes found
Score Distribution
Percent of People with Each Score
Percentile by Number Answered
Your Score History
You have not taken this quiz